Normal view
MARC view
- SUPERCONDUCTIVITY SUPERCONDUCTORS EFFECT OF RADIATION
Entry Topical Term
001 - CONTROL NUMBER
- control field: 67887
003 - CONTROL NUMBER IDENTIFIER
- control field: NUST
005 - DATE AND TIME OF LATEST TRANSACTION
- control field: 20210628203929.0
008 - FIXED-LENGTH DATA ELEMENTS
- fixed length control field: 210628|| aca||aabn | a|a d
040 ## - CATALOGING SOURCE
- Original cataloging agency: NUST
- Transcribing agency: NUST
150 ## - HEADING--TOPICAL TERM
- Topical term or geographic name entry element: SUPERCONDUCTIVITY SUPERCONDUCTORS EFFECT OF RADIATION
670 ## - SOURCE DATA FOUND
- Source citation: Work cat.: (NUST): LARKIN, A. I , LANGENBARY, D. N 67886, NONEQUILIBRIUM SUPERCONDUCTIVITY, 1985
